00537nam a22001697a 450000500170000001000150001702000260003203500130005803700130007108200110008424500900009526000320018527000670021730000200028450000400030470000230034420140808124707.0 aENG-110260 a9789381302750c795.00 aEN-93792 bDBAD/PUB a327.54 aIndian foreign policy : bchallenges & opportunities /cedited by Shiv Bahadur Singh  aNew DelhibAxis Booksc2014 a4378/4B, Basement, Ansari Road, Daryaganj bNew Delhie110002 a261p.c22cm(Hb) aIncludes bibliographical references aShiv Bahadur Singh